000 00479nam a2200169 a 4500
005 20140412111324.0
008 001113s19uu xx 00 eng d
020 _a0-75252-504-2
050 _aER
_bWo81 1997
245 _aWobbly witch and a dog named Brian /
_cedited by Diana Catchpole.
260 _aBristol :
_bParragon,
_c1977.
300 _a27 p. ; ill.
440 _aTwo in one series
650 _aWitches -- Stories
650 _aWitches -- Fiction
999 _c104490
_d104490